000 00440nam a2200181Ia 4500
001 16496
005 20260306170314.0
008 260306t2009||||xx |||||||||||||| ||und||
041 _aESP
082 _a348.6
_bN48 2009
100 _aNeves Mujica , Javier
_eAUT
245 0 _aIntroducción al derecho del trabajo
260 _c2009
300 _a190 páginas :
_c20 cm.
650 _aGEN
654 _aCDE
942 _cLIB
_dJUS
_fJUS
_2ddc
_n
999 _c16496
_d16496